| 000 | 00709nam a2200241 a 4500 | ||
|---|---|---|---|
| 003 | AR-BaBNM | ||
| 005 | 20251128203645.0 | ||
| 008 | 082120s2002 ||||||||||||||000 | spa|| | ||
| 040 | _cAR-BaBNM | ||
| 100 | 1 | _aLevi, Sergio | |
| 245 | 0 | 0 |
_aEl niño abandonado _bpsicopedagogía del asilado, el ilegítimo y el débil mental |
| 260 |
_aBuenos Aires _bAlfa _c1958 |
||
| 300 |
_a181 p. _btablas |
||
| 504 | _aContiene bibliografía al final de cada capítulo | ||
| 650 | 4 | _aEDUCACION ESPECIAL | |
| 650 | 4 | _aESCUELAS DE EDUCACION ESPECIAL | |
| 650 | 4 | _aPSICOLOGIA DEL NIÑO | |
| 653 | 0 | _aPSICOPEDAGOGIA | |
| 653 | _aDISCAPACIDAD MENTAL | ||
| 700 | 1 | _aMerani, Alberto L. | |
| 942 | _cBK | ||
| 998 | _cSILVI | ||
| 999 |
_c4350 _d4350 |
||